书目信息 |
| 题名: |
儒商鼻祖子贡
|
|
| 作者: | 姜正成 主编 | |
| 分册: | ||
| 出版信息: | 北京 中国财富出版社 2019 |
|
| 页数: | 241页 | |
| 开本: | 23cm | |
| 丛书名: | ||
| 单 册: | ||
| 中图分类: | B222.3 | |
| 科图分类: | ||
| 主题词: | ||
| 电子资源: | ||
| ISBN: | 978-7-5047-5479-0 | |
| 000 | 00729nam0 2200229 45 | |
| 001 | 012001012073 | |
| 005 | 20141123162918.0 | |
| 010 | @a978-7-5047-5479-0@dCNY38.00 | |
| 100 | @a20150712d2015 em y0chiy50 ea | |
| 101 | 0 | @achi |
| 102 | @aCN@b110000 | |
| 105 | @ay z 000yb | |
| 106 | @ar | |
| 200 | 1 | @a儒商鼻祖子贡@9ru shang bi zu zi gong@f姜正成主编 |
| 210 | @a北京@c中国财富出版社@d2019 | |
| 215 | @a241页@d23cm | |
| 330 | @a本书对子贡的生平大事、个人气魄、为人处世以及策略掌控等方面进行了详尽的分析,全面展现了子贡的成功绝学。 | |
| 600 | 0 | @a子贡@f(前520-?)@x传记 |
| 690 | @aB222.3@v5 | |
| 701 | 0 | @a姜正成@9jiang zheng cheng@f(1955-)@4主编 |
| 801 | 0 | @aCN@b上海新华@c20191020 |
| 905 | @b1184934-7@dB222.3@e918@f4 | |
| 儒商鼻祖子贡/姜正成主编.-北京:中国财富出版社,2019 |
| 241页;23cm |
| ISBN 978-7-5047-5479-0:CNY38.00 |
| 本书对子贡的生平大事、个人气魄、为人处世以及策略掌控等方面进行了详尽的分析,全面展现了子贡的成功绝学。 |
| ● |
| 相关链接 |
|
|
|
|
正题名:儒商鼻祖子贡
索取号:B222.3/918
 
预约/预借
| 序号 | 登录号 | 条形码 | 馆藏地/架位号 | 状态 | 备注 |
| 1 | 1184934 | 211849348 | 第一样本阅览室/ [索取号:B222.3/918] | 在馆 | |
| 2 | 1184935 | 211849357 | 第一借阅区/ [索取号:B222.3/918] | 在馆 | |
| 3 | 1184936 | 211849366 | 第一借阅区/ [索取号:B222.3/918] | 在馆 | |
| 4 | 1184937 | 211849375 | 第一借阅区/ [索取号:B222.3/918] | 在馆 |